| 000 | 00512nam a2200181Ia 4500 | ||
|---|---|---|---|
| 999 |
_c29756 _d29756 |
||
| 003 | OSt | ||
| 005 | 20210101103209.0 | ||
| 008 | 190216s9999||||xx |||||||||||||| ||und|| | ||
| 020 | _a9788126418282 | ||
| 040 | _coclc | ||
| 082 |
_a894.812301 _bSRE/E |
||
| 100 |
_aSreeraman, C V _97951 |
||
| 245 | 0 |
_aEnte Priyapetta Kathakal / _cC V Sreeraman |
|
| 260 |
_bDc Books, _c2010. _aKottayam: |
||
| 300 | _a155p | ||
| 650 | _aKathakal | ||
| 942 |
_cBK _2ddc _h894.812301 _iSRE/E _k894.812301 _mSRE/E |
||